Les Biblioteques per a cecs a Barcelona : notes per a llur història / notes per a llur història /
Descripción Física:
64 p., 2 làm. , 21 cm
Colección:
Quaderns de treball ; 4
Materias:
Biblioteques i cecs -- Barcelona
MARC
| LEADER | 00000nam a2200000Ia 4500 | ||
|---|---|---|---|
| 001 | 8746 | ||
| 008 | 160829s1936 xx 000 0 cat d | ||
| 080 | |a A-2-84 | ||
| 100 | |a Rossell, Mercè |9 19856 | ||
| 245 | |a Les Biblioteques per a cecs a Barcelona : |b notes per a llur història / |c per Mercè Rossell | ||
| 260 | |a Barcelona : |b Escola de Bibliotecàries de la Generalitat de Catalunya, |c 1936 | ||
| 300 | |a 64 p., 2 làm. , 21 cm | ||
| 490 | |a Quaderns de treball ; 4 | ||
| 650 | |a Biblioteques i cecs |x Barcelona |9 19857 | ||
| 710 | 2 | |a Escola de Bibliotecàries |9 54304 | |
| 901 | |a Arxiu | ||
| 942 | |n 1 | ||
| 952 | |0 0 |1 0 |4 0 |6 A284 |7 1 |9 41349 |a Arxiu |b Arxiu |d 2016-12-01 |l 0 |o A-2-84 |p 8746 |r 2016-12-01 00:00:00 |w 2016-12-01 |y ARXIU | ||
| 999 | |c 43157 |d 43157 | ||